| 000 | 00744nam a22002777a 4500 | ||
|---|---|---|---|
| 003 | UA-OsUOA | ||
| 001 | 60176 | ||
| 007 | ta | ||
| 008 | 20090507b un ||||| |||| 00| 0 ukr d | ||
| 100 | _aХомоненко А. | ||
| 700 | _aЦыганков В. | ||
| 700 | _aМальцев М. | ||
| 090 |
_a004.65(075.8) _bХ76 |
||
| 942 | _cBK | ||
| 040 |
_aUA-OsUOA _brus _cUA-OsUOA _dUA-OsUOA |
||
| 245 | _aБазы даных | ||
| 300 | _a736 с. | ||
| 955 | _a2 | ||
| 041 | _arus | ||
| 080 | _a004.65(075.8) | ||
| 020 | _a978-5-7931-0527-9 | ||
| 260 |
_aСПб _bКорона-Век _c2009 |
||
| 250 | _n6-те доповнене | ||
| 650 | 7 |
_a00 Загальні питання науки і культури _2UDC |
|
| 999 |
_c346430 _d346430 |
||